Měnové krize (empirie a teorie)

Salvato in:
Dettagli Bibliografici
Autore principale: Helísek, Mojmír
Ente Autore: Institut integrace ČR do evropské a světové ekonomiky Vysoké školy ekonomické v Praze
Natura: Libro
Lingua:ceco
Pubblicazione: Praha Professional Publishing 2004
Soggetti:
Tags: Aggiungi Tag
Nessun Tag, puoi essere il primo ad aggiungerne!!

MARC

LEADER 00000nam$a2200000$$$4500
001 0114019
005 20221207102710.1
020 |a 80-86419-82-7 
041 0 |a cze 
044 |a CZ 
245 1 0 |a Měnové krize  |b (empirie a teorie)  |c Mojmír Helísek 
264 1 |a Praha  |b Professional Publishing  |c 2004 
300 |a 180 s. 
610 2 0 |a kríza menová 
610 2 0 |a vývoj 
610 2 0 |a modely 
610 2 0 |a opatrenia 
610 2 0 |a prevencia 
610 2 0 |a Česko 
100 1 |a Helísek, Mojmír 
710 2 |a Institut integrace ČR do evropské a světové ekonomiky Vysoké školy ekonomické v Praze